000
00259nam a2200109Ia 4500
008
230907s9999||||xx |||||||||||||| ||und||
082
_a
657
_b
FIN
245
0
_a
Financial accounting :
260
_a
Wiley,
_b
Australia :
_c
2019
300
_a
1191 p.
942
_c
BK
999
_c
600969
_d
600969